| 000 | 00950cam a22002054a 4500 | ||
|---|---|---|---|
| 005 | 20250605163933.0 | ||
| 008 | 250528s ||||||||||||||||||||||||d | ||
| 035 | _a14765 | ||
| 020 | _a631184848 | ||
| 040 |
_aGR-AtMCL _bgre _dGR-AtMCL _eAACR2 |
||
| 245 | 1 | _aThe Human Impact / On The Natural Environment | |
| 250 | _a4th | ||
| 260 |
_bBlackwell, _c1993 |
||
| 300 | _a466 | ||
| 520 | _aThis book addresses the ways in which human activity has changed and is changing the face of the earth, by examining the human role in natural processes and systems. Preface, Acknowledgements, Introduction, The Human Impact on Vegetation, Human Influence on Animals, The Human Impact on the Soil, The Human Impact on the Waters, Human Agency in Geomorphology, The Human Impact on Climate and the Atmosphere, The Future, Conclusion, Guide to Reading, References, Index. | ||
| 700 | 1 |
_aGoudie Andrew _9521 |
|
| 942 | _cBK | ||
| 999 |
_c384 _d384 |
||